Statistiques concernant Meilleurs buteurs en Coupe du Monde par sélections

Cliquez ici pour prendre le quiz!

Statistiques générales

  • Ce quiz a été pris 113 fois
  • Le résultat moyen est 11 sur 25

Statistiques - réponses

SélectionRéponse% Correct
N°1 - Argentine (13 buts)Lionel Messi
98%
N°3 - Brésil (15 buts)Ronaldo
97%
N°5 - Belgique (5 buts) #1Romelu Lukaku
92%
N°2 - France (13 buts)Just Fontaine
88%
N°10 - Espagne (9 buts)David Villa
72%
N°15 - Allemagne (16 buts)Miroslav Klose
69%
N°17 - Colombie (6 buts)James Rodríguez
62%
N°9 - Portugal (9 buts)Eusébio
59%
N°6 - Croatie (6 buts) #2Davor Šuker
51%
N°12 - Mexique (4 buts) #1Javier Hernández
50%
N°4 - Angleterre (10 buts)Gary Lineker
44%
N°8 - Italie (9 buts) #1Roberto Baggio
44%
N°6 - Croatie (6 buts) #1Ivan Perišić
43%
N°12 - Mexique (4 buts) #2Luis Hernández
43%
N°11 - États-Unis (5 buts)Landon Donovan
37%
N°20 - Japon (4 buts)Keisuke Honda
36%
N°8 - Italie (9 buts) #2Paolo Rossi
28%
N°14 - Maroc (3 buts)Youssef En-Nesyri
20%
N°8 - Italie (9 buts) #3Christian Vieri
18%
N°5 - Belgique (5 buts) #2Marc Wilmots
10%
N°18 - Sénégal (3 buts)Papa Bouba Diop
9%
N°7 - Pays-Bas (7 buts)Johnny Rep
6%
N°19 - Danemark (5 buts)Jon Dahl Tomasson
4%
N°13 - Suisse (6 buts)Josef Hügi
1%
N°16 - Uruguay (8 buts)Oscar Míguez
1%

Distribution des résultats

Percentile par nombre de réponses

% des personnes avec chaque résultat

Votre développement - résultats

Vous n’avez pas pris ce quiz